[Event "2nd Grandmasters' Tournament"]
[Site "Lublin 2010"]
[Date "2010.05.09"]
[Round "1"]
[White "Dziuba, Marcin"]
[Black "Kurnosov, Igor"]
[Result "1/2-1/2"]
[WhiteElo "2576"]
[BlackElo "2680"]
[PlyCount "101"]
[EventDate "2010.??.??"]

1. d4 Nf6 2. c4 g6 3. g3 c5 4. d5 b5 5. cxb5 a6 6. bxa6 Bg7 7. Bg2 d6 8. Nc3
O-O 9. Nf3 Nxa6 10. Nd2 Qa5 11. O-O Nc7 12. Nc4 Qb4 13. Ne3 Ng4 14. Nc2 Qb6 15.
Bd2 Nb5 16. Nxb5 Qxb5 17. h3 Ne5 18. Bc3 Bd7 19. Qe1 Rfb8 20. b3 Bf5 21. Ne3
Bc8 22. Qd2 Ba6 23. Rfe1 Nd7 24. Bxg7 Kxg7 25. Nc2 Nf6 26. e4 Qd3 27. Red1 Qxd2
28. Rxd2 Nd7 29. f4 h5 30. h4 Bc8 31. e5 dxe5 32. d6 Ra6 33. dxe7 Re6 34. f5
Rxe7 35. Ne3 Nf6 36. fxg6 fxg6 37. Rd8 Rc7 38. Nc4 Rd7 39. Rxd7+ Bxd7 40. Nxe5
Be6 41. Nc6 Rb6 42. Rc1 Ra6 43. Rc2 Ng4 44. Bf3 Bxb3 45. Rxc5 Bxa2 46. Nb4 Ra4
47. Nxa2 Rxa2 48. Bxg4 hxg4 49. Rc4 Kh6 50. Rxg4 Ra5 51. Kg2 1/2-1/2

[Event "2nd Grandmasters' Tournament"]
[Site "Lublin 2010"]
[Date "2010.05.09"]
[Round "1"]
[White "Baklan, Vladimir"]
[Black "Meier, Georg"]
[Result "1/2-1/2"]
[WhiteElo "2633"]
[BlackElo "2638"]
[PlyCount "67"]
[EventDate "2010.??.??"]

1. e4 e6 2. d4 d5 3. Nc3 dxe4 4. Nxe4 Nd7 5. Nf3 Ngf6 6. Bg5 h6 7. Nxf6+ Nxf6
8. Be3 Bd6 9. Bd3 O-O 10. Qe2 b6 11. O-O-O Bb7 12. Kb1 Nd5 13. Bd2 Qf6 14. Ne5
Nf4 15. Bxf4 Qxf4 16. g3 Qf6 17. Rhe1 Bxe5 18. dxe5 Qf3 19. Qf1 Qg2 20. Qxg2
Bxg2 21. Be4 Bxe4 22. Rxe4 Rad8 23. Red4 Rxd4 24. Rxd4 f6 25. exf6 Rxf6 26. Rd2
Kf8 27. Kc1 Ke7 28. Kd1 Rf5 29. h4 a5 30. c4 a4 31. Ke2 g6 32. Rd4 c6 33. Ke3
h5 34. f3 1/2-1/2

[Event "2nd Grandmasters' Tournament"]
[Site "Lublin 2010"]
[Date "2010.05.09"]
[Round "1"]
[White "Tiviakov, Sergei"]
[Black "Macieja, Bartlomiej"]
[Result "0-1"]
[WhiteElo "2634"]
[BlackElo "2618"]
[PlyCount "102"]
[EventDate "2010.??.??"]

1. e4 c6 2. d3 d5 3. Nd2 g6 4. f4 Bg7 5. Ngf3 Nh6 6. e5 d4 7. Nb3 c5 8. c3 dxc3
9. bxc3 b6 10. Be2 O-O 11. O-O Nc6 12. d4 cxd4 13. Nfxd4 Bb7 14. Bf3 Rc8 15.
Ba3 Qc7 16. Bxc6 Bxc6 17. Nxc6 Qxc6 18. Bxe7 Rfe8 19. Bd6 Qxc3 20. Rf3 Qc4 21.
Rc1 Qa4 22. Rxc8 Rxc8 23. Qd2 Nf5 24. Bb4 h5 25. g3 a5 26. Bc3 Qe4 27. Qd3 Qc6
28. Kg2 Bf8 29. Nd2 Qe6 30. a4 Be7 31. Qb1 Qd5 32. Qd3 Qa2 33. Kh3 Rd8 34. Qe2
Qe6 35. Kg2 Nd4 36. Bxd4 Rxd4 37. Ne4 Rxa4 38. Nc3 Rc4 39. Qd3 a4 40. Nd5 Rc5
41. Nxe7+ Qxe7 42. Qe4 Ra5 43. Qd4 Qe6 44. Qd8+ Kg7 45. f5 gxf5 46. Qg5+ Qg6
47. Qe7 Rc5 48. Rd3 Qc6+ 49. Kh3 Qe6 50. Qd8 f4+ 51. Kg2 Rc2+ 0-1

[Event "2nd Grandmasters' Tournament"]
[Site "Lublin 2010"]
[Date "2010.05.09"]
[Round "1"]
[White "Grachev, Boris"]
[Black "Bartel, Mateusz"]
[Result "1/2-1/2"]
[WhiteElo "2667"]
[BlackElo "2609"]
[PlyCount "60"]
[EventDate "2010.??.??"]

1. d4 Nf6 2. Nf3 d5 3. c4 e6 4. g3 dxc4 5. Bg2 Bb4+ 6. Bd2 a5 7. O-O Nc6 8. e3
O-O 9. Qe2 Bd6 10. Qxc4 e5 11. Nc3 exd4 12. exd4 Nb4 13. a3 Be6 14. Qe2 Nbd5
15. Ng5 Bg4 16. Qb5 Nxc3 17. Bxc3 h6 18. Ne4 Nxe4 19. Bxe4 Bc8 20. Rfe1 c6 21.
Qc4 Bd7 22. d5 c5 23. a4 Qc7 24. Re3 Rae8 25. Rae1 b6 26. Bc2 Rxe3 27. Rxe3 Qd8
28. Re6 Bxe6 29. dxe6 Qe7 30. Qg4 fxe6 1/2-1/2

[Event "2nd Grandmasters' Tournament"]
[Site "Lublin 2010"]
[Date "2010.05.09"]
[Round "1"]
[White "Socko, Bartosz"]
[Black "Swiercz, Dariusz"]
[Result "1-0"]
[WhiteElo "2644"]
[BlackElo "2501"]
[PlyCount "125"]
[EventDate "2010.??.??"]

1. e4 c5 2. Nf3 d6 3. d4 cxd4 4. Nxd4 Nf6 5. Nc3 a6 6. Be3 e5 7. Nb3 Be7 8. Qd2
Be6 9. O-O-O O-O 10. f4 b5 11. Kb1 Nbd7 12. f5 Bc4 13. Rg1 Qc7 14. g4 b4 15.
Bxc4 Qxc4 16. Nd5 Nxd5 17. Qxd5 Qxd5 18. exd5 Bd8 19. Nd2 Bb6 20. Bxb6 Nxb6 21.
Ne4 Rfd8 22. Rg3 Rac8 23. b3 Na8 24. Kb2 Nc7 25. c4 a5 26. Ra1 Na6 27. a3 Nc5
28. Nxc5 bxa3+ 29. Rxa3 Rxc5 30. Kc3 f6 31. Rg1 Ra8 32. Rga1 Kf7 33. Kd3 Rb8
34. Kc2 Ra8 35. Ra4 Ke7 36. h4 h6 37. Rb4 Kd7 38. Kd3 Kc7 39. Rba4 Rb8 40. Kc3
Ra8 41. g5 hxg5 42. hxg5 fxg5 43. Rg1 Rh8 44. Rxg5 Rh3+ 45. Kc2 Rh2+ 46. Kd3
Rh3+ 47. Ke4 Rh4+ 48. Kf3 Rh3+ 49. Kg4 Rxb3 50. Rxg7+ Kb6 51. f6 Rb4 52. Ra1
Rbxc4+ 53. Kf5 Rf4+ 54. Ke6 Rc3 55. Rd7 Kb5 56. Rxd6 Rcf3 57. Ke7 e4 58. Re6
Rd3 59. d6 Rf5 60. d7 Rfd5 61. Rb1+ Kc5 62. Rb7 e3 63. f7 1-0

[Event "2nd Grandmasters' Tournament"]
[Site "Lublin 2010"]
[Date "2010.05.10"]
[Round "2"]
[White "Kurnosov, Igor"]
[Black "Swiercz, Dariusz"]
[Result "1/2-1/2"]
[WhiteElo "2680"]
[BlackElo "2501"]
[PlyCount "136"]
[EventDate "2010.??.??"]

1. e4 e6 2. d4 d5 3. Nc3 Nf6 4. e5 Nfd7 5. f4 c5 6. Nf3 Nc6 7. Be3 Be7 8. Qd2
O-O 9. Be2 a6 10. O-O b5 11. a3 Bb7 12. Nd1 Qb6 13. Kh1 a5 14. c3 b4 15. a4 Ba6
16. Bg1 bxc3 17. bxc3 cxd4 18. cxd4 Nb4 19. Ne3 f5 20. Rfc1 Rfc8 21. Bf2 Bxe2
22. Qxe2 Qa6 23. Qxa6 Nxa6 24. Bh4 Kf8 25. Ng5 Bxg5 26. Bxg5 h6 27. Bh4 Nb4 28.
g4 g6 29. gxf5 gxf5 30. Rg1 Kf7 31. Rg2 Rg8 32. Rxg8 Kxg8 33. Rc1 Nb6 34. Rc7
Rc8 35. Re7 Nd3 36. Bg3 Nc4 37. Nf1 Rc6 38. Kg2 Rb6 39. Kf3 Rb3 40. Ke2 Nc1+
41. Kd1 Rb1 42. Nd2 Ne3+ 43. Ke1 Ra1 44. Nf3 Ra2 45. Nd2 Ra1 46. Nf3 Ra2 47.
Nd2 Nc4 48. Nxc4 Nd3+ 49. Kf1 dxc4 50. Rc7 Nb4 51. Rxc4 Rxa4 52. Kg2 Ra2+ 53.
Kh3 Rc2 54. Rc5 Rxc5 55. dxc5 a4 56. Be1 Nd3 57. c6 Nxf4+ 58. Kh4 Nd5 59. Bb4
Kf7 60. Kh5 Ke8 61. Bc5 Ne7 62. c7 Nc8 63. Kxh6 Kd7 64. h4 f4 65. Kg5 f3 66.
Kg4 Kc6 67. Be3 Kxc7 68. Kxf3 Ne7 1/2-1/2

[Event "2nd Grandmasters' Tournament"]
[Site "Lublin 2010"]
[Date "2010.05.10"]
[Round "2"]
[White "Bartel, Mateusz"]
[Black "Socko, Bartosz"]
[Result "1/2-1/2"]
[WhiteElo "2609"]
[BlackElo "2644"]
[PlyCount "79"]
[EventDate "2010.??.??"]

1. e4 e5 2. Nf3 Nc6 3. Bb5 a6 4. Ba4 Nf6 5. O-O Be7 6. Re1 b5 7. Bb3 d6 8. c3
Na5 9. Bc2 c5 10. d4 Qc7 11. d5 O-O 12. b3 g6 13. Bh6 Re8 14. h3 Kh8 15. Nbd2
Ng8 16. Be3 Bf8 17. Nf1 Bh6 18. Bxh6 Nxh6 19. Qd2 Ng8 20. Ng3 Bd7 21. h4 Nb7
22. h5 a5 23. Kh2 Bg4 24. Rh1 Qe7 25. Bd1 Bxf3 26. Bxf3 b4 27. a3 bxa3 28. Be2
a4 29. bxa4 Qh4+ 30. Kg1 Qf4 31. Qc2 Nf6 32. Rxa3 Reb8 33. c4 Na5 34. hxg6 fxg6
35. Rf3 Qg5 36. Nf1 Kg8 37. Rg3 Qf4 38. Rf3 Qg5 39. Rg3 Qf4 40. Rf3 1/2-1/2

[Event "2nd Grandmasters' Tournament"]
[Site "Lublin 2010"]
[Date "2010.05.10"]
[Round "2"]
[White "Macieja, Bartlomiej"]
[Black "Baklan, Vladimir"]
[Result "1/2-1/2"]
[WhiteElo "2618"]
[BlackElo "2633"]
[PlyCount "66"]
[EventDate "2010.??.??"]

1. Nf3 Nf6 2. c4 e6 3. Nc3 Bb4 4. Qc2 c5 5. a3 Ba5 6. g3 O-O 7. Bg2 Nc6 8. O-O
d6 9. e3 Bd7 10. d4 cxd4 11. exd4 Bxc3 12. Qxc3 Rc8 13. b4 Ne7 14. Qb3 Qc7 15.
c5 Ned5 16. Bb2 b6 17. Rfc1 Qb8 18. Rab1 bxc5 19. dxc5 Rxc5 20. Rxc5 dxc5 21.
Bxf6 gxf6 22. bxc5 Qxb3 23. Rxb3 Rc8 24. Rb7 Be8 25. Rxa7 Rxc5 26. Nd4 Rc1+ 27.
Bf1 Rd1 28. Ra8 Kf8 29. Nb5 Nb6 30. Rb8 Nd7 31. Ra8 Nb6 32. Rb8 Nd7 33. Ra8 Nb6
1/2-1/2

[Event "2nd Grandmasters' Tournament"]
[Site "Lublin 2010"]
[Date "2010.05.10"]
[Round "2"]
[White "Dziuba, Marcin"]
[Black "Tiviakov, Sergei"]
[Result "1/2-1/2"]
[WhiteElo "2576"]
[BlackElo "2634"]
[PlyCount "129"]
[EventDate "2010.??.??"]

1. d4 Nf6 2. c4 e6 3. g3 d5 4. Nf3 Bb4+ 5. Bd2 Be7 6. Bg2 c6 7. Qc2 O-O 8. O-O
b6 9. Rd1 Bb7 10. Bf4 Nbd7 11. Nc3 Rc8 12. Ne5 Nh5 13. Be3 Nhf6 14. Bf4 Nh5 15.
Bc1 Nhf6 16. e4 dxc4 17. Nxc4 b5 18. Ne3 Qb6 19. b3 Rfe8 20. Bb2 c5 21. d5 exd5
22. Ncxd5 Nxd5 23. exd5 Bf6 24. a4 a6 25. axb5 axb5 26. Bxf6 Nxf6 27. Rac1 Red8
28. Nf5 Kf8 29. Qc3 c4 30. bxc4 Rxc4 31. Qb2 Rxc1 32. Rxc1 b4 33. Rc4 Bxd5 34.
Rxb4 Qe6 35. Rb8 Qe1+ 36. Bf1 Qe8 37. Qb4+ Kg8 38. Rxd8 Qxd8 39. Ne7+ Kh8 40.
Nxd5 Nxd5 41. Qd4 Qd7 42. Bh3 Qc6 43. Bg2 Qc1+ 44. Bf1 Qc6 45. Bc4 Nf6 46. Bxf7
Qc1+ 47. Kg2 Qc6+ 48. f3 Qc2+ 49. Kh3 Qf5+ 50. Kg2 Qc2+ 51. Qf2 Qxf2+ 52. Kxf2
g5 53. Ke3 Kg7 54. Bc4 h6 55. Kd4 Nh7 56. Bd3 Nf6 57. Ke5 Nh5 58. Kd4 Nf6 59.
Ke3 Nd5+ 60. Kf2 Nf6 61. Bc4 Kg6 62. Kg2 Kg7 63. h4 gxh4 64. g4 Kg6 65. Kh3
1/2-1/2

[Event "2nd Grandmasters' Tournament"]
[Site "Lublin 2010"]
[Date "2010.05.11"]
[Round "3"]
[White "Swiercz, Dariusz"]
[Black "Bartel, Mateusz"]
[Result "0-1"]
[WhiteElo "2501"]
[BlackElo "2609"]
[PlyCount "58"]
[EventDate "2010.??.??"]

1. d4 Nf6 2. c4 e6 3. g3 d5 4. Nf3 dxc4 5. Bg2 Bd7 6. Ne5 Bc6 7. Nxc6 Nxc6 8.
O-O Qd7 9. e3 O-O-O 10. Qa4 h5 11. h3 h4 12. g4 Nd5 13. Qxc4 f5 14. gxf5 exf5
15. Nc3 Nb6 16. Qe2 g5 17. a4 Bb4 18. Bd2 Kb8 19. Rfc1 g4 20. a5 gxh3 21. Bf3
Bxa5 22. Kh1 Bxc3 23. Rxc3 Rh6 24. Rca3 Rg6 25. b4 Rdg8 26. b5 Qd6 27. Bb4 Nxb4
28. Rxa7 h2 29. Rxb7+ Kc8 0-1

[Event "2nd Grandmasters' Tournament"]
[Site "Lublin 2010"]
[Date "2010.05.11"]
[Round "3"]
[White "Baklan, Vladimir"]
[Black "Dziuba, Marcin"]
[Result "0-1"]
[WhiteElo "2633"]
[BlackElo "2576"]
[PlyCount "76"]
[EventDate "2010.??.??"]

1. e4 c5 2. Nf3 d6 3. d4 cxd4 4. Nxd4 Nf6 5. Nc3 a6 6. h3 e5 7. Nde2 h5 8. g3
Nbd7 9. a4 h4 10. g4 Nc5 11. Bg2 Be6 12. a5 Be7 13. b4 Ncd7 14. Nd5 Bxd5 15.
exd5 Rc8 16. c3 O-O 17. O-O Nh7 18. Qd3 Qc7 19. f4 exf4 20. Bxf4 Ne5 21. Qd1 g6
22. Kh1 Nc4 23. Bh6 Rfe8 24. Qd4 Bf8 25. Bxf8 Nxf8 26. Rf2 Nh7 27. Raf1 Ng5 28.
Nf4 Ne5 29. Rc2 Qc4 30. Qf2 Ne4 31. Qxh4 g5 32. Qe1 Nd3 33. Nxd3 Qxd3 34. Bxe4
Rxe4 35. Qc1 Re3 36. Qd1 Rxh3+ 37. Rh2 Qe4+ 38. Kg1 Rg3+ 0-1

[Event "2nd Grandmasters' Tournament"]
[Site "Lublin 2010"]
[Date "2010.05.11"]
[Round "3"]
[White "Socko, Bartosz"]
[Black "Meier, Georg"]
[Result "1/2-1/2"]
[WhiteElo "2644"]
[BlackElo "2638"]
[PlyCount "91"]
[EventDate "2010.??.??"]

1. e4 e6 2. d4 d5 3. Nc3 dxe4 4. Nxe4 Nd7 5. Nf3 Ngf6 6. Nxf6+ Nxf6 7. c3 c5 8.
Ne5 a6 9. Be3 Qc7 10. Qa4+ Nd7 11. Bb5 cxd4 12. Bxd7+ Bxd7 13. Qxd4 Bb5 14. a4
Bd6 15. Nxf7 Kxf7 16. axb5 axb5 17. Ke2 Qc6 18. Rhd1 Rxa1 19. Rxa1 b4 20. Rd1
Rd8 21. Qh4 Be7 22. Qf4+ Kg8 23. Rxd8+ Bxd8 24. Qxb4 Qxg2 25. Qb5 Qc6 26. Qxc6
bxc6 27. b4 Kf7 28. Kd3 Be7 29. Kc4 Ke8 30. Bc5 Bf6 31. Bd4 e5 32. Be3 e4 33.
Bd4 Bh4 34. b5 Kd7 35. b6 g6 36. Kb4 Kc8 37. c4 Be7+ 38. c5 g5 39. h3 h5 40.
Kc4 g4 41. hxg4 hxg4 42. Be5 Bh4 43. Bg3 Bf6 44. Bf4 Bh4 45. Bg3 Bf6 46. Bf4
1/2-1/2

[Event "2nd Grandmasters' Tournament"]
[Site "Lublin 2010"]
[Date "2010.05.11"]
[Round "3"]
[White "Grachev, Boris"]
[Black "Macieja, Bartlomiej"]
[Result "1/2-1/2"]
[WhiteElo "2667"]
[BlackElo "2618"]
[PlyCount "81"]
[EventDate "2010.??.??"]

1. d4 Nf6 2. Nf3 g6 3. Nbd2 c5 4. dxc5 Qa5 5. a3 Qxc5 6. b4 Qc7 7. Bb2 Bg7 8.
e3 O-O 9. Be2 b6 10. O-O Bb7 11. c4 d6 12. Rc1 Nbd7 13. Qb3 Rac8 14. Nd4 a6 15.
h3 Qb8 16. Bf3 Rc7 17. Rc2 Rfc8 18. Rfc1 Ne5 19. Bxb7 Qxb7 20. N4f3 Nfd7 21.
Ng5 h6 22. Nge4 Nf6 23. Nxf6+ Bxf6 24. f4 Nd7 25. Bxf6 Nxf6 26. Qd3 Nd7 27. Kh2
d5 28. e4 dxc4 29. Nxc4 Nf6 30. Nd2 Rxc2 31. Rxc2 Rxc2 32. Qxc2 Qd7 33. Nf3 Qe6
34. e5 Nh5 35. Qe4 Kh7 36. a4 Ng7 37. b5 axb5 38. axb5 Qb3 39. Nd4 Qc4 40. Qe3
Qc5 41. Qe4 1/2-1/2

[Event "2nd Grandmasters' Tournament"]
[Site "Lublin 2010"]
[Date "2010.05.11"]
[Round "3"]
[White "Tiviakov, Sergei"]
[Black "Kurnosov, Igor"]
[Result "1-0"]
[WhiteElo "2634"]
[BlackElo "2680"]
[PlyCount "79"]
[EventDate "2010.??.??"]

1. e4 c5 2. Nc3 d6 3. f4 Nc6 4. Nf3 g6 5. d4 cxd4 6. Nxd4 Bg7 7. Be3 Nf6 8. Be2
O-O 9. Nb3 b6 10. O-O Bb7 11. Bf3 Rc8 12. Rf2 Nd7 13. Rd2 Bxc3 14. bxc3 Rc7 15.
Qe1 Na5 16. Nxa5 bxa5 17. Bd4 Qc8 18. Bg4 Qa8 19. e5 dxe5 20. fxe5 Nc5 21. Qh4
Ne6 22. Re1 Nxd4 23. cxd4 Kg7 24. c4 Qd8 25. Be2 e6 26. Qf4 Ba6 27. d5 exd5 28.
cxd5 Bxe2 29. Rexe2 Rc1+ 30. Kf2 Qb6+ 31. Re3 Rfc8 32. d6 R8c2 33. Rxc2 Rxc2+
34. Kg3 Qb2 35. d7 Rxg2+ 36. Kh3 Rf2 37. Rf3 Rxf3+ 38. Qxf3 Qd2 39. Qf6+ Kh6
40. Qh4+ 1-0

[Event "2nd Grandmasters' Tournament"]
[Site "Lublin 2010"]
[Date "2010.05.12"]
[Round "4"]
[White "Tiviakov, Sergei"]
[Black "Baklan, Vladimir"]
[Result "0-1"]
[WhiteElo "2634"]
[BlackElo "2633"]
[PlyCount "106"]
[EventDate "2010.??.??"]

1. e4 c5 2. Nc3 d6 3. Nge2 Nc6 4. d4 cxd4 5. Nxd4 Nf6 6. Bg5 e6 7. Qd2 a6 8.
O-O-O Bd7 9. f4 Be7 10. Nf3 b5 11. Bxf6 gxf6 12. Kb1 Qb6 13. f5 O-O-O 14. g3
Kb8 15. fxe6 fxe6 16. Bh3 Bc8 17. Qe1 Rhe8 18. Ne2 Ne5 19. Rf1 Nc4 20. Nf4 Bf8
21. Qf2 Qb7 22. Nh5 Bh6 23. Rfe1 Rf8 24. Nd4 Qb6 25. b3 Na3+ 26. Kb2 b4 27. Qe2
Qc5 28. Rd3 Rde8 29. Nf4 f5 30. Qd2 Bg7 31. Kc1 a5 32. exf5 exf5 33. Nde6 Bxe6
34. Rxe6 Be5 35. Rdxd6 Rxe6 36. Nxe6 Qxd6 37. Nxf8 Qxf8 38. Qd5 Qh6+ 39. Kd1
Qd6 40. Qxd6+ Bxd6 41. Bxf5 h6 42. Kd2 Be5 43. Ke3 Kc7 44. Kf3 Kd6 45. Kg4 Bc3
46. Kh5 Ke5 47. Bd3 Bd2 48. h4 Kd4 49. g4 Kc3 50. g5 hxg5 51. hxg5 Be3 52. g6
Bd4 53. Kh6 Nxc2 0-1

[Event "2nd Grandmasters' Tournament"]
[Site "Lublin 2010"]
[Date "2010.05.12"]
[Round "4"]
[White "Meier, Georg"]
[Black "Swiercz, Dariusz"]
[Result "1-0"]
[WhiteElo "2638"]
[BlackElo "2501"]
[PlyCount "77"]
[EventDate "2010.??.??"]

1. Nf3 Nf6 2. c4 g6 3. Nc3 c5 4. g3 Nc6 5. Bg2 d6 6. O-O Bg7 7. d4 cxd4 8. Nxd4
Bd7 9. Nc2 O-O 10. b3 a6 11. Bb2 Qa5 12. Qd2 Rfc8 13. Rfd1 Rab8 14. Ne3 b5 15.
Rac1 Ne5 16. Ncd5 Qxd2 17. Rxd2 Nxd5 18. Nxd5 Kf8 19. f4 Nc6 20. Bxg7+ Kxg7 21.
c5 Be8 22. cxd6 exd6 23. Bh3 f5 24. e4 Bd7 25. exf5 gxf5 26. Ne3 Ne7 27. Rxc8
Rxc8 28. Rxd6 Rc1+ 29. Kf2 Bc8 30. Rd1 Rc5 31. Rd2 Rc1 32. Ke2 Ra1 33. Kd3 Be6
34. Kc3 Kf6 35. Kb4 h5 36. Bg2 Kf7 37. Bf3 Kf6 38. Bxh5 Rc1 39. Bf3 1-0

[Event "2nd Grandmasters' Tournament"]
[Site "Lublin 2010"]
[Date "2010.05.12"]
[Round "4"]
[White "Dziuba, Marcin"]
[Black "Grachev, Boris"]
[Result "1/2-1/2"]
[WhiteElo "2576"]
[BlackElo "2667"]
[PlyCount "56"]
[EventDate "2010.??.??"]

1. d4 d5 2. c4 c6 3. Nf3 Nf6 4. e3 e6 5. b3 b6 6. Bb2 Bb7 7. Bd3 Bd6 8. Nbd2
Nbd7 9. O-O O-O 10. Ne5 Qe7 11. Qe2 Ba3 12. Ndf3 Bxb2 13. Qxb2 Nxe5 14. Nxe5
dxc4 15. Bxc4 c5 16. dxc5 Qxc5 17. Rac1 Qe7 18. Bb5 Rac8 19. Bc6 Nd5 20. h3
Bxc6 21. Nxc6 Qb7 22. Ne5 h6 23. Rfd1 Rxc1 24. Rxc1 Rc8 25. Rc2 Nb4 26. Rd2 Nd5
27. Rc2 Nb4 28. Rd2 Nd5 1/2-1/2

[Event "2nd Grandmasters' Tournament"]
[Site "Lublin 2010"]
[Date "2010.05.12"]
[Round "4"]
[White "Kurnosov, Igor"]
[Black "Bartel, Mateusz"]
[Result "0-1"]
[WhiteElo "2680"]
[BlackElo "2609"]
[PlyCount "120"]
[EventDate "2010.??.??"]

1. e4 e5 2. Nf3 Nc6 3. Bb5 Nf6 4. d3 Bc5 5. Nbd2 O-O 6. Bxc6 dxc6 7. Nc4 Re8 8.
Bg5 b5 9. Ncd2 h6 10. Be3 Bxe3 11. fxe3 c5 12. b3 a5 13. a4 c6 14. Qe2 Ba6 15.
c4 Ra7 16. O-O Rd7 17. Ne1 b4 18. Rf3 Rd6 19. Nf1 Bc8 20. h3 Nh7 21. Ng3 g6 22.
Rf1 Qh4 23. Nh1 Ng5 24. Nf3 Nxf3+ 25. Qxf3 Be6 26. Rad1 Red8 27. Nf2 h5 28. Kh2
Kg7 29. Rd2 R6d7 30. Qd1 Qg5 31. Qf3 Rf8 32. Rdd1 Rd6 33. Kg1 Bd7 34. Kh2 Rf6
35. Qe2 h4 36. Ng4 Rxf1 37. Rxf1 f5 38. exf5 gxf5 39. Qf3 Re8 40. Nf2 Kh6 41.
g4 hxg3+ 42. Qxg3 Qxg3+ 43. Kxg3 Rg8+ 44. Kh2 Be6 45. Nh1 Rd8 46. Rd1 Bf7 47.
Kg3 Bh5 48. Rd2 Kg5 49. h4+ Kf6 50. Kf2 f4 51. exf4 exf4 52. Ke1 Ke5 53. Rg2
Bf3 54. Rg5+ Kd4 55. Nf2 Re8+ 56. Kf1 Kc3 57. Ne4+ Bxe4 58. dxe4 Kxb3 59. Kf2
Kxc4 60. Kf3 b3 0-1

[Event "2nd Grandmasters' Tournament"]
[Site "Lublin 2010"]
[Date "2010.05.12"]
[Round "4"]
[White "Macieja, Bartlomiej"]
[Black "Socko, Bartosz"]
[Result "1/2-1/2"]
[WhiteElo "2618"]
[BlackElo "2644"]
[PlyCount "61"]
[EventDate "2010.??.??"]

1. d4 Nf6 2. c4 e6 3. Nf3 b6 4. a3 Bb7 5. Nc3 d5 6. cxd5 Nxd5 7. e3 Be7 8. Bb5+
c6 9. Bd3 O-O 10. e4 Nxc3 11. bxc3 c5 12. O-O Qc7 13. Qe2 Nd7 14. e5 Rfd8 15.
Rd1 Nf8 16. Be3 Rac8 17. Nd2 Qc6 18. Qg4 Ng6 19. Nf3 cxd4 20. cxd4 Qd5 21. h4
Nxh4 22. Nxh4 Bxh4 23. Bxh7+ Kxh7 24. Qxh4+ Kg8 25. f3 Rc2 26. Qg4 Kf8 27. a4
Rdc8 28. Qh5 Kg8 29. Qg4 Kf8 30. Qh5 Kg8 31. Qg4 1/2-1/2

[Event "2nd Grandmasters' Tournament"]
[Site "Lublin 2010"]
[Date "2010.05.13"]
[Round "5"]
[White "Bartel, Mateusz"]
[Black "Meier, Georg"]
[Result "1/2-1/2"]
[WhiteElo "2609"]
[BlackElo "2638"]
[PlyCount "43"]
[EventDate "2010.??.??"]

1. e4 e6 2. d4 d5 3. Nc3 dxe4 4. Nxe4 Nd7 5. c3 Ngf6 6. Bg5 h6 7. Bh4 Be7 8.
Nxf6+ Bxf6 9. Bg3 O-O 10. Nf3 c5 11. Be2 Qb6 12. O-O cxd4 13. cxd4 Nb8 14. Be5
Bxe5 15. dxe5 Rd8 16. Qc2 Bd7 17. Rfd1 Nc6 18. Qe4 Ne7 19. Bd3 Nf5 20. Qe2 Ne7
21. Qe4 Nf5 22. Qe2 1/2-1/2

[Event "2nd Grandmasters' Tournament"]
[Site "Lublin 2010"]
[Date "2010.05.13"]
[Round "5"]
[White "Swiercz, Dariusz"]
[Black "Macieja, Bartlomiej"]
[Result "1/2-1/2"]
[WhiteElo "2501"]
[BlackElo "2618"]
[PlyCount "72"]
[EventDate "2010.??.??"]

1. d4 d5 2. c4 c6 3. Nf3 Nf6 4. Nc3 Bf5 5. a4 dxc4 6. e3 e6 7. Bxc4 Bb4 8. O-O
O-O 9. Qe2 Nbd7 10. e4 Bg6 11. Bd3 Bh5 12. e5 Nd5 13. Nxd5 cxd5 14. Qe3 Re8 15.
Ng5 Bg6 16. Bxg6 fxg6 17. a5 Bxa5 18. Qf3 Nf8 19. Qf7+ Kh8 20. Qxb7 Qb6 21.
Qxb6 Bxb6 22. Nf7+ Kg8 23. Nd6 Reb8 24. Be3 g5 25. Rfc1 Ng6 26. Rc2 h6 27. g3
Ne7 28. Ra6 Nf5 29. Nxf5 exf5 30. b3 Rc8 31. Raa2 Kf7 32. f3 Ke6 33. Kf1 f4 34.
Bf2 fxg3 35. hxg3 h5 36. g4 hxg4 1/2-1/2

[Event "2nd Grandmasters' Tournament"]
[Site "Lublin 2010"]
[Date "2010.05.13"]
[Round "5"]
[White "Socko, Bartosz"]
[Black "Dziuba, Marcin"]
[Result "1/2-1/2"]
[WhiteElo "2644"]
[BlackElo "2576"]
[PlyCount "62"]
[EventDate "2010.??.??"]

1. e4 c5 2. Nf3 d6 3. d4 cxd4 4. Nxd4 Nf6 5. Nc3 a6 6. Be3 e5 7. Nb3 Be7 8. Qd2
O-O 9. O-O-O Be6 10. f4 b5 11. Kb1 Nbd7 12. f5 Bc4 13. Rg1 Bxf1 14. Rgxf1 b4
15. Nd5 Nxd5 16. Qxd5 a5 17. Qd3 Nf6 18. Bg5 Ne8 19. Bxe7 Qxe7 20. Rfe1 a4 21.
Nc1 Ra5 22. g4 Rc5 23. Qd2 Qb7 24. g5 a3 25. Nb3 Rc8 26. Qd5 Qa7 27. bxa3 bxa3
28. c4 Rb8 29. Ka1 Qf2 30. Qd2 Qh4 31. Re2 Rc8 1/2-1/2

[Event "2nd Grandmasters' Tournament"]
[Site "Lublin 2010"]
[Date "2010.05.13"]
[Round "5"]
[White "Grachev, Boris"]
[Black "Tiviakov, Sergei"]
[Result "1-0"]
[WhiteElo "2667"]
[BlackElo "2634"]
[PlyCount "89"]
[EventDate "2010.??.??"]

1. c4 Nf6 2. d4 e6 3. g3 Bb4+ 4. Bd2 d5 5. Nf3 Be7 6. Bg2 c6 7. Qc2 O-O 8. O-O
b6 9. Rd1 Bb7 10. Bf4 Nbd7 11. Nc3 Rc8 12. Ne5 Nh5 13. Bc1 Qc7 14. Nxd7 Qxd7
15. e4 Nf6 16. e5 Ne8 17. Qa4 Qc7 18. Bf4 Qb8 19. cxd5 cxd5 20. Bf1 Nc7 21.
Rac1 a6 22. Bd3 g6 23. h4 b5 24. Qc2 Ne8 25. Qd2 Ng7 26. Bg5 f6 27. exf6 Bxf6
28. Qe3 Qd6 29. Ne2 Nh5 30. Bxf6 Nxf6 31. Qe5 Ne4 32. Nf4 Rfe8 33. Rxc8 Bxc8
34. Bxe4 Qxe5 35. dxe5 dxe4 36. Kf1 Kf7 37. Rc1 Bd7 38. Ke2 b4 39. Ke3 a5 40.
Nh3 h6 41. Rc7 Ke7 42. Nf4 Kd8 43. Ra7 g5 44. Nh5 Bc6 45. Nf6 1-0

[Event "2nd Grandmasters' Tournament"]
[Site "Lublin 2010"]
[Date "2010.05.13"]
[Round "5"]
[White "Baklan, Vladimir"]
[Black "Kurnosov, Igor"]
[Result "1/2-1/2"]
[WhiteElo "2633"]
[BlackElo "2680"]
[PlyCount "60"]
[EventDate "2010.??.??"]

1. e4 e5 2. Nf3 Nc6 3. Bb5 Nf6 4. O-O Nxe4 5. Re1 Nd6 6. Nxe5 Be7 7. Bf1 Nxe5
8. Rxe5 O-O 9. d4 Bf6 10. Re1 Nf5 11. c3 d5 12. Bf4 Nh4 13. Nd2 c6 14. Bd3 Bf5
15. Bxf5 Nxf5 16. Nf3 Qd7 17. Bg5 Bxg5 18. Nxg5 Rfe8 19. Qd3 f6 20. Nf3 Nd6 21.
h3 Rxe1+ 22. Rxe1 Re8 23. Rxe8+ Qxe8 24. Kf1 Qe6 25. Nd2 Ne4 26. a3 Nxd2+ 27.
Qxd2 Qf5 28. Qe2 Qb1+ 29. Qe1 Qd3+ 30. Qe2 Qb1+ 1/2-1/2

[Event "2nd Grandmasters' Tournament"]
[Site "Lublin 2010"]
[Date "2010.05.14"]
[Round "6"]
[White "Tiviakov, Sergei"]
[Black "Socko, Bartosz"]
[Result "1/2-1/2"]
[WhiteElo "2634"]
[BlackElo "2644"]
[PlyCount "93"]
[EventDate "2010.??.??"]

1. e4 e5 2. Nf3 Nf6 3. d4 Nxe4 4. Bd3 d5 5. Nxe5 Nd7 6. Nxd7 Bxd7 7. O-O Bd6 8.
Qh5 Nf6 9. Re1+ Be7 10. Qe2 Be6 11. Nd2 O-O 12. Nf3 Re8 13. Ne5 Nd7 14. f4 Nxe5
15. dxe5 Qd7 16. Be3 Rad8 17. c3 Bf5 18. Bxf5 Qxf5 19. Rad1 Qe6 20. Qf3 g6 21.
g4 Qc6 22. Bd4 Bc5 23. f5 Bxd4+ 24. cxd4 gxf5 25. gxf5 Qh6 26. Qe3 Qh5 27. Qf4
Kh8 28. Kf2 Rg8 29. Rg1 Rxg1 30. Rxg1 Rg8 31. Rxg8+ Kxg8 32. Ke1 Kf8 33. h4 h6
34. Kd2 Ke8 35. e6 fxe6 36. fxe6 Ke7 37. Qxc7+ Kxe6 38. Qc8+ Kf6 39. Qf8+ Ke6
40. Qc8+ Kf6 41. Qxb7 Qxh4 42. Qc6+ Kg7 43. Qxd5 h5 44. Qd7+ Kg6 45. Qe8+ Kg7
46. Qe5+ Kg6 47. Qe8+ 1/2-1/2

[Event "2nd Grandmasters' Tournament"]
[Site "Lublin 2010"]
[Date "2010.05.14"]
[Round "6"]
[White "Dziuba, Marcin"]
[Black "Swiercz, Dariusz"]
[Result "1/2-1/2"]
[WhiteElo "2576"]
[BlackElo "2501"]
[PlyCount "102"]
[EventDate "2010.??.??"]

1. d4 Nf6 2. c4 g6 3. g3 c6 4. Nf3 Bg7 5. Bg2 d5 6. b3 O-O 7. O-O Bf5 8. Bb2
Ne4 9. Nc3 Nxc3 10. Bxc3 Be4 11. e3 c5 12. Rc1 cxd4 13. Bxd4 Bxd4 14. Nxd4 Bxg2
15. Kxg2 e5 16. Nb5 a6 17. Nc3 dxc4 18. bxc4 Qxd1 19. Rfxd1 Nc6 20. Rb1 Rab8
21. Ne4 Rfd8 22. Rxd8+ Nxd8 23. Rd1 f5 24. Nf6+ Kf7 25. Nd7 Rc8 26. Nxe5+ Ke6
27. Nf3 Ke7 28. Nd2 Nf7 29. Rb1 Nd6 30. Kf3 Ke6 31. h4 Rc5 32. Ke2 Nxc4 33.
Nxc4 Rxc4 34. Rxb7 Rc2+ 35. Kf3 Rxa2 36. Rxh7 a5 37. h5 gxh5 38. Rxh5 a4 39.
Rh6+ Kd5 40. Rf6 Ke5 41. Ra6 a3 42. Ra5+ Ke6 43. Ra4 Kd5 44. g4 fxg4+ 45. Rxg4
Kc5 46. Ra4 Kb5 47. Ra8 Kb4 48. e4 Rc2 49. Rb8+ Kc4 50. Rc8+ Kb3 51. Rb8+ Kc4
1/2-1/2